000
00242nam a2200109Ia 4500
008
220204s9999 xx 000 0 und d
082
_a
82-3
_b
CAR
100
_a
Carter, Nick
245
0
_a
Berlin
260
_a
London
_b
Tandem
_c
1972
942
_c
BK
999
_c
28802
_d
28802